00542cam a22002171 4500001001300000003000400013005001700017008004100034010001700075025001900092035002000111040001800131042001200149050001600161100001700177245002800194260005100222300001900273650001500292999001700307sa 64002261 DLC20260227112009.0870831s1955 bg 000 0 eng  asa 64002261  aPL480:EP-E-125 a(OCoLC)16618759 aDLCcWaUdDLC apremarc00aLB880b.H361 aHaye, Kh. A.10aEducation, old and new. aChittagong,bShikshak Samabay Libraryc[1955?] a119 p.c21 cm. 0aEducation. c57263d57263